Biblioteca y Centro de Documentación

Negociaciones colectivas y políticas gubernamentales (Registro nro. 24924)

Detalles MARC
000 -CABECERA
Longitud fija campo de control 02151nam a2200469 c 4500
001 - NÚMERO DE CONTROL
Número de control 24924
003 - IDENTIFICADOR DE NÚMERO DE CONTROL
Identificador del número de control ES-MaCES
005 - FECHA Y HORA DE LA ÚLTIMA TRANSACCIÓN
Fecha y hora de la última transacción 20150724120054.0
008 - CAMPO FIJO DE DESCRIPCIÓN FIJA--INFORMACIÓN GENERAL
Códigos de información de longitud fija   130322s1985 sp d o100 | spa d
017 ## - NÚMERO DE REGISTRO DE DERECHOS DE AUTOR Y DEPÓSITO LEGAL
Número de copyright o de depósito legal M 12689-1985
Agencia que asigna el número DL
020 ## - ISBN (INTERNATIONAL STANDARD BOOK NUMBER)
Número Internacional Normalizado para Libros (ISBN) 8474342759
024 7# - OTROS IDENTIFICADORES
Número normalizado o código 201-92-066-9
Fuente del número o código nipo
035 ## - NÚMERO DE CONTROL DEL SISTEMA
Número de control del sistema CES20130001113m
040 ## - FUENTE DE CATALOGACIÓN
Centro catalogador de origen ES-MaCES
Lengua de catalogación spa
Centro transcriptor ES-MaCES
041 1# - CÓDIGO DE IDIOMA
Código de lengua del texto;banda sonora o título independiente spa
Código de lengua original fre
245 00 - MENCIÓN DE TÍTULO
Título Negociaciones colectivas y políticas gubernamentales
Resto del título : Conferencia de Washington, D.C., 10-13 de julio de 1978 : (informes presentados en la Conferencia, exposición del ponente general)
Mención de responsabilidad, etc. [publ. por la] Organización de Cooperación y Desarrollo Económico (OCDE) ; [trad., Jesús Fernández Zulaica]
260 ## - PUBLICACIÓN, DISTRIBUCIÓN, ETC (PIE DE IMPRENTA)
Lugar de publicación, distribución, etc. Madrid
Nombre del editor, distribuidor, etc. Centro de Publicaciones, Ministerio de Trabajo y Seguridad Social
Fecha de publicación, distribución, etc. [1985]
300 ## - DESCRIPCIÓN FÍSICA
Extensión 477 p.
Otras características físicas gráf.
Dimensiones 22 cm
490 1# - MENCIÓN DE SERIE
Mención de serie Colección Informes OCDE
500 ## - NOTA GENERAL
Nota general Recoge la totalidad de informes y doc. aportados a la Conferencia "Negociaciones Colectivas y Políticas Gubernamentales", celebrada en Washington, D.C., 10-13 de jul. de 1978
500 ## - NOTA GENERAL
Nota general Trad. de: Négotiations collectives et politiques goovernamentales
504 ## - NOTA DE BIBLIOGRAFÍA, ETC.
Nota de bibliografía, etc. Bibliografía: p. 459-477
541 ## - NOTA DE LA FUENTE INMEDIANTE DE ADQUISICIÓN
Forma de adquisición Gratuito
650 #4 - ASIENTO SECUNDARIO DE MATERIA--TÉRMINO DE MATERIA
Término de materia o nombre geográfico como elemento inicial conferencia
9 (RLIN) 27013
650 #4 - ASIENTO SECUNDARIO DE MATERIA--TÉRMINO DE MATERIA
Término de materia o nombre geográfico como elemento inicial evaluación del impacto
9 (RLIN) 30732
650 #4 - ASIENTO SECUNDARIO DE MATERIA--TÉRMINO DE MATERIA
Término de materia o nombre geográfico como elemento inicial país de la OCDE
9 (RLIN) 29055
650 #4 - ASIENTO SECUNDARIO DE MATERIA--TÉRMINO DE MATERIA
Término de materia o nombre geográfico como elemento inicial política salarial
9 (RLIN) 28391
650 #4 - ASIENTO SECUNDARIO DE MATERIA--TÉRMINO DE MATERIA
Término de materia o nombre geográfico como elemento inicial política económica
9 (RLIN) 27025
650 #4 - ASIENTO SECUNDARIO DE MATERIA--TÉRMINO DE MATERIA
Término de materia o nombre geográfico como elemento inicial política gubernamental
9 (RLIN) 27211
650 #4 - ASIENTO SECUNDARIO DE MATERIA--TÉRMINO DE MATERIA
Término de materia o nombre geográfico como elemento inicial negociación colectiva
9 (RLIN) 28362
653 10 - TÉRMINO DE INDEXACIÓN--NO CONTROLADO
Término no controlado Relaciones laborales-Empleo
650 #4 - ASIENTO SECUNDARIO DE MATERIA--TÉRMINO DE MATERIA
9 (RLIN) 28300
Término de materia o nombre geográfico como elemento inicial política de empleo
700 1# - ENCABEZAMIENTO SECUNDARIO--NOMBRE PERSONAL
Nombre de persona Fernández Zulaica, Jesús
Término indicativo de función tr.
9 (RLIN) 12015
710 2# - ENCABEZAMIENTO SECUNDARIO--NOMBRE CORPORATIVO
Nombre de entidad o nombre de jurisdicción como elemento inicial Organización de Cooperación y Desarrollo Económico
9 (RLIN) 4694
710 1# - ENCABEZAMIENTO SECUNDARIO--NOMBRE CORPORATIVO
Nombre de entidad o nombre de jurisdicción como elemento inicial España
Unidad subordinada Ministerio de Trabajo y Seguridad Social
Término indicativo de función ed.
9 (RLIN) 3276
711 2# - ENCABEZAMIENTO SECUNDARIO--NOMBRE DE REUNIÓN
Nombre de congreso o nombre de jurisdicción como elemento inicial Conferencia "Negociaciones Colectivas y Políticas Gubernamentales"
Fecha del congreso 1978
Sede del congreso Washington, D.C.
9 (RLIN) 1203
740 02 - ENCABEZAMIENTO SECUNDARIO--TÍTULO ANALÍTICO/RELACIONADO NO CONTROLADO
Título relacionado o analítico no controlado Négotiations collectives et politiques goovernamentales
830 #0 - ENCABEZAMIENTO SECUNDARIO DE COLECCIÓN--TÍTULO UNIFORME
Título uniforme Colección Informes OCDE
9 (RLIN) 32347
902 ## - CES. TIPO DE DOCUMENTO
Tipodoc (006$c Sirtex) LIB Libro
942 ## - ELEMENTOS KOHA
Fuente de clasificaión o esquema Clasificación propia del CES
Koha [por defecto] tipo de item Monografías
Parte de clasificación 2.0.
Existencias
Número de registro Signatura completa Tipo de item de Koha
083018 DPT-11558 Monografías
© CES, Consejo Económico y Social de España 2021